Every MCU Villain - Statistics

General Stats
  • This quiz has been taken 65 times
  • The average score is 29 of 59
Answer Stats
Movie / TV Show Answer % Correct
Thor / The Avengers Loki
100%
Avengers: Infinity War / Endgame Thanos
96%
Captain America : The First Avenger Red skull
86%
Iron Man 2 whiplash
86%
Captain America: The Winter Soldier Winter Soldier
86%
Black Panther Killmonger
82%
Avengers: Age of Ultron Ultron
82%
Iron Man Iron Monger
80%
The Incredible Hulk Abomination
78%
Spider-Man: Far From Home Mysterio
76%
Spider-Man: Homecoming Vulture
73%
The Fantastic Four: First Steps Galactus
71%
Thor: Ragnarok Hela
71%
Doctor Strange in the Multiverse of Madness Scarlet Witch
71%
Guardians of the Galaxy Vol. 2 Ego
69%
Black Panther: Wakanda Forever Namor
69%
Ant-Man Yellowjacket
69%
Spider-Man: No Way Home Green Goblin
67%
Captain America: Brave New World Red Hulk
67%
Iron Man 2 Justin Hammer
65%
Ant-Man and the Wasp Ghost
63%
Cptain America: Civil War Baron Zemo
59%
Doctor Srange Dormammu
59%
Thor: The Dark World Malekith
59%
Iron Man 3 Aldrich Killian
57%
The Fantastic Four: First Steps Silver Surfer
53%
Black Widow Taskmaster
53%
Guardians of the Galaxy Vol. 3 High Evolutionary
51%
Guardians of the Galaxy Ronan The Accuser
51%
Thor: Love and Thunder Gorr The God Butcher
47%
Thunderbolts The Void
45%
Ant-Man and the Wasp: Quantumania Kang The Conqueror
43%
WandaVision Agatha Harkness
41%
Captain America: The Winter Soldier Alexander Pierce
41%
Deadpool & Wolverine Cassandra Nova
39%
Doctor Strange Kaecilius
39%
Hawkeye Kingpin
39%
Eternals Kro
39%
Thor: Ragnarok Grandmaster
37%
Captain America: Brave New World The Leader
37%
Ant-Man and the Wasp: Quantumania M.O.D.O.K
35%
Shang-Chi and the Legend of the Ten Rings Wenwu
35%
Cptain America: Civil War / Captain America: The Winter Soldier Crossbones
33%
Eternals Ikaris
33%
Thor Laufey
33%
Loki He who remains
31%
Avengers: Age of Ultron / Black Panther Klaw
31%
Captain Marvel Yon-Rogg
31%
The Falcon and the Winter Soldier Flag-Smasher
25%
Guardians of the Galaxy Vol. 3 Ayesha
22%
The Marvels Dar-Benn
22%
Black Widow Dreykov
22%
The Avengers The Other
22%
Deadpool & Wolverine Mr.Paradox
20%
Moon Knight Arthur Harrow
14%
Iron Man Raza
14%
Secret Invasion Gravik
10%
Thunderbolts / Black Panther: Wakanda Forever / Black Widow Valentina de Fontaine
6%
Shang-Chi and the Legend of the Ten Rings The Dweller-in-Darkness
4%
No matching quizzes found
Score Distribution
Percent of People with Each Score
Percentile by Number Answered
Your Score History
You have not taken this quiz